01306nab a22002297a 4500999001500000003000400015005001700019008004100036040000700077100003300084245009000117260007300207300001300280500004200293505041800335505009000753650002600843650001700869650002900886773014800915942001301063 c5283d5283OSt20250213125856.0190604e xxu||||| |||| 00| 0 spa d cPJ 96080aFornetti, Omar Esteban10aAcerca de la necesidad de la regla de la carga de la prueba /cOmar Esteban Fornetti. aCiudad Autónoma de Buenos Aires :bThomson Reuters La Ley, c2025. ap. 16-24 aCita Online: LA LEY AR/DOC/2695/2024. aSumario: I. Una historia breve.— II. Introducción.— III. Breves consideraciones.— IV. Los sistemas de "carga de la prueba".— V. La importancia de la regla objetiva.— VI. La carga de la prueba como regla de juicio.— VII. La carga de la prueba como regla de conducta de las partes en el proceso.— VIII. La regla de la carga de la prueba como guía para la "teoría del caso".— IX. Conclusiones.  t¿Te interesa el texto completo? Solicitalo al correo: koha@justierradelfuego.gov.ar  0aDERECHO PROCESAL9267 0aPRUEBA91975 0aCARGA DE LA PRUEBA939270 0271493171dCiudad Autónoma de Buenos Aires : Thomson Reuters La Ley, 2014-tRevista anales de legislación argentina. Nº 2 - Febrero 2025. 2udccANA